000 00887nam a2200265Ia 4500
003 OSt
005 20221005111944.0
006 a|||||r|||| 00| 0
007 ta
008 221004b |||||||| |||| 00| 0 hin d
024 _a32659
037 _cTextual
040 _aCRL
_cCRL
_bhin
041 _2hin
_ahin
082 _aO152,1D40,1, M3
100 _aकालिदास
245 0 _aकुमारसम्भवम्
246 _aKumārasambhavam
260 _aवाराणसी
_bचौखम्भा औरियन्टालिया भारत
_c1983
300 _a79पृ.
_ccm.
490 _aगोकुलदास संस्कृत ग्रंथमाला; 10
650 _aसंस्कृत साहित्य
942 _hO152,1D40,1, M3
_cTEXL
_2cc
999 _c1023409
_d1023409